Životné jubileum prof. MUDr. Evy Brixovej, DrSc.

Bibliographic Details
Format: Article
Language:Slovak
PhysicalDescription:Obr.
ISSN:1335-0951
Subjects:

MARC

LEADER 00000nab a2200000 a 4500
001 vtls000855087
003 SK-MaSNL
005 20260304124130.0
008 250429c2003 xo 0 slo
015 |a SNBRB2003/12-35489 
035 |a CLN000206742 
035 |a urn:nbn:sk:snk-ab2z3f 
035 |a (urnnbn)urn:nbn:sk:snk:ar-a03566 
035 |a (uuid)3fe9f7e2-27b9-492d-b232-3a92c6a7662c 
040 |a SNKBUCL  |b slo  |c SNKBUCL  |e AACR2 
041 0 |a slo 
044 |a xo  |c SK 
080 |a 61-051:616.33/.34:929 Brixová Eva  |2 1997 
245 0 0 |a Životné jubileum prof. MUDr. Evy Brixovej, DrSc. 
300 |b Obr. 
600 1 7 |a Brixová, Eva,  |d 1928-2005  |2 snkbucl  |9 40385 
650 0 7 |a biografie  |2 MESH  |9 111226 
650 0 7 |a gastroenterológia  |2 MESH  |9 1164 
650 0 7 |a lekárske fakulty  |2 MESH  |9 78383 
650 0 7 |a výskum  |2 MESH  |9 4238 
650 0 7 |a spoločnosti lekárske  |2 MESH  |9 859117 
655 7 |a články z novín a časopisov  |2 snkbucl  |9 267496 
773 0 |t Medicínsky monitor  |g Č. 3 (2003), s. 34  |x 1335-0951 
850 |a Slovenská národná knižnica 
852 |a Slovenská národná knižnica 
954 |a odborná, vedecká literatúra pôvodná (slovenská)  |2 lita 
958 |a article2022 
958 |a OND 
958 |a SK 
958 |a BX 
958 |a MI 
958 |a EUIPO 
992 |a RBX 
999 |c 2890659  |d 2892589